| 000 | 01300nam a22002897a 4500 | ||
|---|---|---|---|
| 005 | 20230306092742.0 | ||
| 008 | 230306b ||||| |||| 00| 0 eng d | ||
| 020 | _a9789351480105 | ||
| 040 | _cAL | ||
| 041 | _aEnglish | ||
| 082 |
_223 _a111.5 _bKANM |
||
| 100 |
_aLameswar Kanhor _974147 |
||
| 245 | _aMarvels of Cosmos: Philosophico Theological Appraisal Based on Science Linguistics and Anthropology | ||
| 260 |
_aNew Delhi _bChristian World Imprints _c2014 |
||
| 300 |
_axxxviii,314 p. _bHB _c22x14 cm. |
||
| 365 |
_a02302 _c₹ _d₹1250.00 _f01-12-2022 |
||
| 520 | _aThe Book deals with the Mathematical Zero and its Philosophical applications, Quantum Reality and Big Bang Cosmology, Quantum Zero and the Origin of the Universe, Philosophic Theological appraisal of the Nothingness, based on linguistic, numerical, physical and inner nothingness along with a general critique and evaluation of the whole study. | ||
| 650 |
_aPhilosophy _974148 |
||
| 650 |
_aPhilosophical Theology _974149 |
||
| 650 |
_aReligion and Science _974150 |
||
| 650 |
_aQuantum Cosmology _974151 |
||
| 650 |
_aNumerals--Religious aspects--Christianity _974152 |
||
| 650 |
_aAnthropological Linguistics _974153 |
||
| 650 |
_aBig bang theory _974154 |
||
| 700 |
_aKANHOR (Lameswar) _974155 |
||
| 942 |
_2ddc _cBK |
||
| 999 |
_c226890 _d226890 |
||